V Hnileckej doline zrušili ďalšiu čerpaciu stanicu problém. Domáci skladujú naftu i benzín v kanistroch aj v sudoch

Bibliographic Details
Main Author: Karasová, Erika, 1973- (Author)
Format: Article
Language:Slovak
PhysicalDescription:Fotogr.
ISSN:1335-759X
Subjects:

MARC

LEADER 00000nab a2200000 ar4500
001 vtls008998326
003 SK-MaSNL
005 20260303065839.0
008 170922c20060531xo mr|p|||||||000 b|slo
038 |a SNSK 
040 |b slo  |c SNSK  |e AACR2 
041 |a slo 
044 |a xo  |c SK 
080 |a 665.733  |2 2001 
080 |a 351.712.2.045  |2 201 
100 1 |a Karasová, Erika,  |d 1973-  |4 aut  |9 89869 
245 1 0 |a V Hnileckej doline zrušili ďalšiu čerpaciu stanicu  |b problém. Domáci skladujú naftu i benzín v kanistroch aj v sudoch  |c Erika Karasová 
300 |b Fotogr. 
650 0 7 |a benzínové čerpacie stanice  |2 snsk  |9 1066461 
650 0 7 |a zrušenie  |2 snsk  |9 878039 
651 7 |a Smolník (Gelnica, Slovensko)  |2 snsk  |9 51207 
651 7 |a Nálepkovo (Slovensko)  |2 snsk  |9 56242 
651 7 |a Gelnica (Slovensko : okres)  |2 snsk  |9 168677 
773 0 |t Spišský denník Korzár  |g Roč. VIII., č. 124 (31.5.2006), s. 2  |x 1335-759X 
852 |a SNSK  |b KIS3GCP 
999 |c 1752977  |d 1754907